Развитие оптических методов исследований деформационного поведения углепластиков: корреляция цифровых изображений и сдвиговая спекл-интерферометрия; Современные техника и технологии; Т. 1

Détails bibliographiques
Parent link:Современные техника и технологии: сборник трудов XVIII международной научно-практической конференции студентов, аспирантов и молодых ученых, Томск, 9-13 апреля 2012 г/ Национальный исследовательский Томский политехнический университет (ТПУ).— , 2012
Т. 1.— 2012.— [С. 199-200]
Auteur principal: Еремин А. В. Александр Вячеславович
Collectivité auteur: Российская академия наук (РАН) Сибирское отделение (СО) Институт физики прочности и материаловедения (ИФПМ)
Autres auteurs: Бурков М. В. Михаил Владимирович (научный руководитель), Панин С. В. Сергей Викторович
Résumé:Заглавие с титульного листа
Langue:russe
Publié: 2012
Collection:Секция 2. Приборостроение
Sujets:
Accès en ligne:http://www.lib.tpu.ru/fulltext/v/Conferences/2012/C2/V1/v1_097.pdf
Format: Électronique Chapitre de livre
KOHA link:https://koha.lib.tpu.ru/cgi-bin/koha/opac-detail.pl?biblionumber=222072

MARC

LEADER 00000naa2a2200000 4500
001 222072
005 20260210163744.0
035 |a (RuTPU)RU\TPU\book\242255 
035 |a RU\TPU\book\241874 
090 |a 222072 
100 |a 20120918d2012 k y0rusy50 ca 
101 0 |a rus 
102 |a RU 
135 |a drnn ---uucaa 
181 0 |a i  
182 0 |a b 
200 1 |a Развитие оптических методов исследований деформационного поведения углепластиков: корреляция цифровых изображений и сдвиговая спекл-интерферометрия  |f А. В. Еремин, М. В. Бурков  |g науч. рук. С. В. Панин 
203 |a Текст  |c электронный 
215 |a 1 файл (822 Кб) 
225 1 |a Секция 2. Приборостроение 
300 |a Заглавие с титульного листа 
320 |a [Библиогр.: с. 200 (3 назв.)] 
337 |a Adobe Reader 
461 1 |0 (RuTPU)RU\TPU\book\240890  |t Современные техника и технологии  |o сборник трудов XVIII международной научно-практической конференции студентов, аспирантов и молодых ученых, Томск, 9-13 апреля 2012 г  |o в 3 т.  |f Национальный исследовательский Томский политехнический университет (ТПУ)  |d 2012 
463 1 |0 (RuTPU)RU\TPU\book\240891  |t Т. 1  |v [С. 199-200]  |d 2012 
610 1 |a электронный ресурс 
610 1 |a оптические методы 
610 1 |a деформации 
610 1 |a углепластики 
610 1 |a цифровые изображения 
610 1 |a сдвиговые деформации 
610 1 |a спекл-интерферометрия 
700 1 |a Еремин  |b А. В.  |c специалист в области материаловедения  |c инженер Томского политехнического университета  |f 1990-  |g Александр Вячеславович  |3 (RuTPU)RU\TPU\pers\32911 
701 1 |a Бурков  |b М. В.  |c специалист в области материаловедения  |c ассистент кафедры Томского политехнического университета, кандидат технических наук  |f 1987-  |g Михаил Владимирович  |3 (RuTPU)RU\TPU\pers\31551 
702 1 |a Панин  |b С. В.  |c специалист в области материаловедения  |c профессор Томского политехнического университета, доктор технических наук  |f 1971-  |g Сергей Викторович  |4 727  |9 12237 
712 0 2 |a Российская академия наук (РАН)  |b Сибирское отделение (СО)  |b Институт физики прочности и материаловедения (ИФПМ)  |c (Томск)  |3 (RuTPU)RU\TPU\col\265 
801 2 |a RU  |b 63413507  |c 20151210  |g RCR 
856 4 |u http://www.lib.tpu.ru/fulltext/v/Conferences/2012/C2/V1/v1_097.pdf 
942 |c CF